00687nam a2200229 a 4500001001300000003000900013005001700022008004100039020002500080082001500105100001900120245004600139260004900185300000900234500003500243505001000278650002300288902000800311942000700319952011400326999001700440nice12345678IN_TiNIC20260116013712.0050524s1994 alba grp 000 0 eng  a0791429 c12.9500a305.4bSHA aSharma, Arvind aAnnual Review of Women in World Religions aAlbany bState University of New York c1994 a191p aincludes index and biblioraphy2 aIndex aWomen and Religion bSRS cBK 001040708StackRoom-aHMIbHMId2009-08-12g12.95l0o305.4 SHAp017640r2009-08-12v12.95w2005-05-24yBK c12047d12047